000 00432nam a2200169Ia 4500
008 230711s9999||||xx |||||||||||||| ||und||
041 _aENG
082 _a621
_bCO-A
100 _a A. McConkey
245 0 _aApplied thermodynamics
250 _a3rd Ed.
260 _c1989
_aNew Delhi
_bEWP(Affiliated East-West Press Private Limited)
300 _a915
650 _aMechanical Engineering
700 _aT.D. Eastop
942 _cBK
999 _c1683
_d1683